| 000 | 02176nam0a2200397 4500 | ||
|---|---|---|---|
| 001 | RU\NLR\BIBL_A\022564536 | ||
| 005 | 20260420045635.0 | ||
| 010 |
_a978-5-7992-1178-3 _91000 |
||
| 021 |
_aRU _bКН-П-25-022047 _9КН-П-25-2233 |
||
| 035 | _a(NLR Aleph) 022564536 | ||
| 090 |
_a13674974 _c13674974 |
||
| 100 | _a20250610d2025 k y0rusy50 ca | ||
| 101 | 0 | _arus | |
| 102 | _aRU | ||
| 105 | _aa z 000yy | ||
| 181 | 0 |
_ai _baxxe |
|
| 182 | 0 | _an | |
| 200 | 1 |
_aАгрохимия ингибиторов нитрификации и уреазы в рисоводстве _eмонография _fА. Х. Шеуджен, М. А. Перепелин _gРоссийская академия наук, ФГБОУ ВО "Кубанский государственный аграрный университет имени И. Т. Трубилина", ФГБОУ "Федеральный научный центр риса" |
|
| 203 |
_aТекст _bвизуальный _cнепосредственный |
||
| 210 |
_aМайкоп _cПолиграф-ЮГ _d2025 |
||
| 215 |
_a179 с. _cил., табл. _d22 |
||
| 300 | _aЗагл. корешка: Ингибиторов нитрификации и уреазы | ||
| 320 | _aБиблиогр.: с. 152–178 (369 назв.) | ||
| 516 | 1 | _aИнгибиторов нитрификации и уреазы | |
| 606 | 1 |
_aРисовые севообороты _xПочвы _xРоль азота _92512328 _3RU\NLR\AUTH\6601704254 |
|
| 606 | 1 |
_aРис _xВлияние ингибиторов нитрификации почвы _91154284 _3RU\NLR\AUTH\66461065 |
|
| 606 | 1 |
_aРис _xПочвенные условия _xВлияние уреазы _92676196 _3RU\NLR\AUTH\6601759589 |
|
| 686 | 1 | _aП032.341.1 | |
| 686 | 1 | _aП212.3-272.5 | |
| 686 | 1 | _aП212.3-434.11 | |
| 700 | 1 |
_7ca _8rus _aШеуджен _bА. Х. _cд-р биол. наук _f1952- _gАсхад Хазретович _9164500 _3RU\NLR\AUTH\770164544 |
|
| 701 | 1 |
_aПерепелин _bМ. А. _gМаксим Андреевич |
|
| 942 | _cBOOK | ||
| 980 | _aNB | ||